000 00385 a2200145 4500
005 20250318072240.0
020 _a0-07-034643-7
082 _a382.1 KIN
100 _aKING, P.
245 _aInternational Economics and International Economics Policy
250 _a2nd Ed.
260 _aNew York,
_bMcgraw- Hill Irwin,
_c1995.
300 _aXI,433P.:Ill.; table.
_c22cm.
942 _2ddc
_cBKS
999 _c840
_d840